[Event "HUN-chT2 Szechenyi 1718"]
[Site "Hungary"]
[Date "2018.03.04"]
[Round "7.12"]
[White "Halaszi, Csaba Peter"]
[Black "Balogh, Marton"]
[Result "0-1"]
[WhiteElo "1570"]
[BlackElo "1852"]
[PlyCount "62"]
[EventDate "2017.10.29"]
[EventType "team-tourn"]
[EventRounds "9"]
[EventCountry "HUN"]
[SourceTitle "EXT 2021"]
[Source "ChessBase"]
[SourceDate "2020.10.23"]
[SourceVersion "1"]
[SourceVersionDate "2020.10.23"]
[SourceQuality "1"]
[WhiteTeam "Ajka Banyasz"]
[BlackTeam "Csuti Baki Agrocentrum"]
[WhiteTeamCountry "HUN"]
[BlackTeamCountry "HUN"]

1. e4 d5 2. exd5 Qxd5 3. Nc3 Qa5 4. Nf3 Nf6 5. d4 Bg4 6. Be2 Nc6 7. h3 Bh5 8. Bb5 0-0-0 9. Bxc6 bxc6 10. g4 Nxg4 11. hxg4 Bxg4 12. Qd3 c5 13. d5 e6 14. Ne5 Rxd5 15. Nxg4 Rxd3 16. cxd3 c4 17. dxc4 Qf5 18. Ne3 Qf3 19. Rg1 h5 20. Ne2 h4 21. Bd2 Bd6 22. Nd4 Qe4 23. Ne2 h3 24. 0-0-0 h2 25. Rh1 f5 26. Ng3 Qf3 27. Nef1 Qxf2 28. Be1 Qg2 29. Rd2 Bf4 30. Kc2 Bxd2 31. Bxd2 f4 0-1

[Event "HUN-chT2 Szechenyi 1718"]
[Site "Hungary"]
[Date "2018.02.18"]
[Round "6.12"]
[White "Nyuli, Leila"]
[Black "Halaszi, Csaba Peter"]
[Result "0-1"]
[WhiteElo "1218"]
[BlackElo "1570"]
[PlyCount "54"]
[EventDate "2017.10.29"]
[EventType "team-tourn"]
[EventRounds "9"]
[EventCountry "HUN"]
[SourceTitle "EXT 2021"]
[Source "ChessBase"]
[SourceDate "2020.10.23"]
[SourceVersion "1"]
[SourceVersionDate "2020.10.23"]
[SourceQuality "1"]
[WhiteTeam "Haladas Szombathely III"]
[BlackTeam "Ajka Banyasz"]
[WhiteTeamCountry "HUN"]
[BlackTeamCountry "HUN"]

1. e4 e5 2. Nf3 Nc6 3. Bc4 Bc5 4. c3 Nf6 5. d3 d6 6. 0-0 h6 7. h3 0-0 8. Re1 Bb6 9. Nbd2 Qe7 10. Nf1 a6 11. Bb3 Be6 12. Ng3 Nh7 13. Be3 Bxe3 14. Rxe3 Ng5 15. d4 Bxb3 16. axb3 Qd8 17. Qd2 Re8 18. Rd1 Na5 19. c4 Nc6 20. Ne2 Nxf3+ 21. gxf3 Qg5+ 22. Kh1 Qh4 23. Kg2 Re6 24. Rf1 Nxd4 25. Nxd4 Rg6+ 26. Kh2 Qg5 27. Nf5 Qg2# 0-1

[Event "HUN-chT2 Szechenyi 1718"]
[Site "Hungary"]
[Date "2017.10.29"]
[Round "1.12"]
[White "Halaszi, Csaba Peter"]
[Black "Somogyi, Barbara"]
[Result "1/2-1/2"]
[WhiteElo "1570"]
[BlackElo "1417"]
[PlyCount "43"]
[EventDate "2017.10.29"]
[EventType "team-tourn"]
[EventRounds "9"]
[EventCountry "HUN"]
[SourceTitle "EXT 2021"]
[Source "ChessBase"]
[SourceDate "2020.10.23"]
[SourceVersion "1"]
[SourceVersionDate "2020.10.23"]
[SourceQuality "1"]
[WhiteTeam "Ajka Banyasz"]
[BlackTeam "Ajka ASSE"]
[WhiteTeamCountry "HUN"]
[BlackTeamCountry "HUN"]

1. e4 d5 2. exd5 Qxd5 3. Nc3 Qd8 4. d4 Nf6 5. Be3 Nbd7 6. Nf3 e6 7. a3 Be7 8. Be2 0-0 9. 0-0 Nd5 10. Nxd5 exd5 11. h3 Re8 12. Qd3 Nf6 13. Nd2 h6 14. Rfe1 Bd6 15. Bf3 Be6 16. Nb3 Nd7 17. Rad1 Qf6 18. Qe2 c6 19. Bg4 Bf4 20. Bxe6 Rxe6 21. Qd2 Bd6 22. Qd3 1/2-1/2

[Event "HUN-chT2 Szechenyi 1617"]
[Site "Hungary"]
[Date "2016.09.25"]
[Round "1.12"]
[White "Somogyi, Barbara"]
[Black "Halaszi, Csaba Peter"]
[Result "0-1"]
[WhiteElo "1385"]
[BlackElo "1641"]
[PlyCount "144"]
[EventDate "2016.09.25"]
[EventType "team-tourn"]
[EventRounds "11"]
[EventCountry "HUN"]
[SourceTitle "EXT 2021"]
[Source "ChessBase"]
[SourceDate "2020.10.23"]
[SourceVersion "1"]
[SourceVersionDate "2020.10.23"]
[SourceQuality "1"]
[WhiteTeam "Ajka ASSE"]
[BlackTeam "Ajka Banyasz"]
[WhiteTeamCountry "HUN"]
[BlackTeamCountry "HUN"]

1. e4 e5 2. Nf3 Nc6 3. Bb5 Bc5 4. 0-0 Nge7 5. Nc3 d6 6. h3 Bd7 7. Na4 Bb6 8. Nxb6 axb6 9. d3 h6 10. Be3 Ng6 11. Nh2 Nce7 12. Bxd7+ Qxd7 13. a3 0-0 14. f4 exf4 15. Bxf4 Nxf4 16. Rxf4 Ng6 17. Rf2 d5 18. exd5 Qxd5 19. Qf3 Qe5 20. c3 c6 21. Re2 Qd6 22. Rae1 Nf4 23. Re3 Ne6 24. Qg3 Qxg3 25. Rxg3 Ra5 26. Ng4 Rg5 27. Kf2 Rd8 28. d4 c5 29. h4 Rg6 30. dxc5 Rd2+ 31. Kf3 Rxb2 32. cxb6 Rxb6 33. a4 Rb3 34. Kf2 Rb2+ 35. Kf3 Rb3 36. Kf2 h5 37. Ne5 Rxg3 38. Kxg3 Rxc3+ 39. Kf2 Nc5 40. Ra1 f6 41. Nf3 Rc4 42. a5 Rg4 43. Rd1 Ra4 44. Rd8+ Kf7 45. Ra8 Kg6 46. Nd2 b6 47. g3 Rxa5 48. Rxa5 bxa5 49. Ke2 Kf5 50. Kf3 a4 51. Nb1 Ne6 52. Na3 g6 53. Nc4 Nd4+ 54. Ke3 Nb5 55. Nd2 a3 56. Nb3 Kg4 57. Kf2 a2 58. Na1 Nd4 59. Kg2 Nf5 60. Kf2 Nxg3 61. Kg2 Kxh4 62. Kh2 f5 63. Kg2 f4 64. Kf3 g5 65. Kf2 Nf5 66. Kg2 g4 67. Kg1 g3 68. Kg2 Kg4 69. Kg1 f3 70. Kh1 f2 71. Kg2 Ne3+ 72. Kh1 f1R# 0-1

[Event "HUN-chT2 Szechenyi 1516"]
[Site "Hungary"]
[Date "2015.12.06"]
[Round "6.12"]
[White "Halaszi, Csaba Peter"]
[Black "Matyi, Attila"]
[Result "0-1"]
[WhiteElo "1603"]
[BlackElo "1568"]
[PlyCount "96"]
[EventDate "2015.09.13"]
[EventType "team-tourn"]
[EventRounds "11"]
[EventCountry "HUN"]
[SourceTitle "CBM 170 Extra"]
[Source "ChessBase"]
[SourceDate "2016.02.25"]
[SourceVersion "1"]
[SourceVersionDate "2016.02.25"]
[SourceQuality "1"]
[WhiteTeam "Ajka Banyasz"]
[BlackTeam "Ezust Huszar"]
[WhiteTeamCountry "HUN"]
[BlackTeamCountry "HUN"]

1. e4 c5 2. Nc3 d6 3. d3 g6 4. Be3 Bg7 5. Qd2 Nc6 6. Nge2 Rb8 7. Ng3 b5 8. Rb1 Nf6 9. Be2 Nd7 10. Bh6 0-0 11. h4 Re8 12. Bxg7 Kxg7 13. h5 Rh8 14. Qg5 e6 15. Qf4 Nde5 16. Rc1 h6 17. hxg6 fxg6 18. Qe3 Qe7 19. f4 Nf7 20. Kd2 b4 21. Nd1 Bd7 22. Nf2 Rbf8 23. Rcf1 Qf6 24. e5 dxe5 25. fxe5 Qxe5 26. Qxe5+ Nfxe5 27. Nfe4 c4 28. dxc4 Nd4 29. Bd3 a5 30. Ne2 Nf5 31. Nc5 Bc8 32. Rf4 Re8 33. g4 Nd6 34. Nb3 g5 35. Rff1 Ndxc4+ 36. Bxc4 Nxc4+ 37. Kc1 Ne3 38. Rfg1 Bb7 39. Rh3 Nc4 40. Rd1 Rhf8 41. Rhd3 Bf3 42. Re1 Bxg4 43. Ng3 Bf5 44. Rd4 Rc8 45. Ne4 Bxe4 46. Rdxe4 e5 47. Nd2 Nxd2 48. Kxd2 Rf2+ 0-1

[Event "HUN-chT2 Szechenyi 1516"]
[Site "Hungary"]
[Date "2015.11.08"]
[Round "4.12"]
[White "Halaszi, Csaba Peter"]
[Black "Nemeth, Balint"]
[Result "0-1"]
[WhiteElo "1575"]
[BlackElo "1703"]
[PlyCount "68"]
[EventDate "2015.09.13"]
[EventType "team-tourn"]
[EventRounds "11"]
[EventCountry "HUN"]
[SourceTitle "CBM 170 Extra"]
[Source "ChessBase"]
[SourceDate "2016.02.25"]
[SourceVersion "1"]
[SourceVersionDate "2016.02.25"]
[SourceQuality "1"]
[WhiteTeam "Ajka Banyasz"]
[BlackTeam "Gyor Elektromos"]
[WhiteTeamCountry "HUN"]
[BlackTeamCountry "HUN"]

1. e4 e5 2. Nf3 Nc6 3. Bc4 Bc5 4. d3 Nf6 5. c3 d6 6. Nbd2 0-0 7. Bb3 Be6 8. 0-0 h6 9. h3 d5 10. Re1 Re8 11. Ba4 Qd6 12. d4 Bb6 13. dxe5 Nxe5 14. Bxe8 Rxe8 15. Nxe5 Qxe5 16. Nf3 Qh5 17. exd5 Nxd5 18. Qd3 c6 19. c4 Nf6 20. b3 Rd8 21. Qe2 Ba5 22. Rd1 Re8 23. Be3 Qg6 24. Nh4 Qe4 25. Rd4 Qe5 26. Nf3 Qc7 27. Rc1 Qe7 28. Kf1 Qa3 29. c5 Bb4 30. Ne1 a5 31. Nd3 Nd5 32. Rc2 Bf5 33. g4 Bh7 34. Rc1 Bxd3 0-1

[Event "HUN-chT2 Szechenyi 1415"]
[Site "Hungary"]
[Date "2015.04.26"]
[Round "11.11"]
[White "Halaszi, Csaba Peter"]
[Black "Barasits, Balint"]
[Result "0-1"]
[WhiteElo "1590"]
[BlackElo "1553"]
[PlyCount "92"]
[EventDate "2014.09.07"]
[EventType "team-tourn"]
[EventRounds "11"]
[EventCountry "HUN"]
[SourceTitle "EXT 2016"]
[Source "ChessBase"]
[SourceDate "2015.10.08"]
[SourceVersion "1"]
[SourceVersionDate "2015.10.08"]
[SourceQuality "1"]
[WhiteTeam "Ajka Banyasz"]
[BlackTeam "Arboretum"]
[WhiteTeamCountry "HUN"]
[BlackTeamCountry "HUN"]

1. e4 e5 2. Nf3 Nf6 3. Nxe5 d6 4. Nf3 Nxe4 5. d4 d5 6. Bd3 Bd6 7. 0-0 0-0 8. Re1 Re8 9. h3 Bf5 10. Nbd2 Nd7 11. Nf1 c6 12. Ne3 Bg6 13. c4 Ndf6 14. Qc2 Qc7 15. c5 Bf4 16. Nf1 Re7 17. Be3 Rae8 18. Re2 Bh5 19. Bxf4 Qxf4 20. N1h2 Ng5 21. Rae1 Rxe2 22. Bxe2 Bxf3 23. Nxf3 Nxf3+ 24. gxf3 Qxd4 25. Rd1 Qh4 26. Bf1 Re5 27. f4 Qxf4 28. Rd3 Rg5+ 29. Bg2 Qe4 30. f4 Rg3 31. Rc3 Qxf4 32. Rxg3 Qxg3 33. Qf5 Qc7 34. Bf1 Qd7 35. Qf4 Ne8 36. Qe5 g6 37. Be2 Qe6 38. Qh2 Qe3+ 39. Kf1 Qc1+ 40. Kf2 Qxc5+ 41. Kf3 Qd6 42. Qg1 Qf6+ 43. Ke3 Qxb2 44. Qg4 d4+ 45. Kf3 Qxa2 46. Qxd4 Qd5+ 0-1

[Event "HUN-chT2 Szechenyi 1415"]
[Site "Hungary"]
[Date "2015.03.01"]
[Round "9.12"]
[White "Horvath, Tibor"]
[Black "Halaszi, Csaba Peter"]
[Result "1-0"]
[WhiteElo "1741"]
[BlackElo "1590"]
[PlyCount "47"]
[EventDate "2014.09.07"]
[EventType "team-tourn"]
[EventRounds "11"]
[EventCountry "HUN"]
[SourceTitle "EXT 2016"]
[Source "ChessBase"]
[SourceDate "2015.10.08"]
[SourceVersion "1"]
[SourceVersionDate "2015.10.08"]
[SourceQuality "1"]
[WhiteTeam "Lovo"]
[BlackTeam "Ajka Banyasz"]
[WhiteTeamCountry "HUN"]
[BlackTeamCountry "HUN"]

1. d4 d5 2. e4 e6 3. Nc3 Bb4 4. a3 Bxc3+ 5. bxc3 Ne7 6. Bd3 b6 7. Nf3 Bb7 8. e5 Nd7 9. 0-0 f6 10. exf6 Nxf6 11. Re1 Qd6 12. Ng5 Ne4 13. Nxe4 dxe4 14. Bxe4 0-0-0 15. Bxb7+ Kxb7 16. Qe2 Nd5 17. c4 Nf6 18. c3 Rhe8 19. a4 Qc6 20. a5 h6 21. Bf4 Rc8 22. axb6 cxb6 23. Qa2 Ra8 24. Qa6# 1-0

[Event "HUN-chT2 Szechenyi 1314"]
[Site "Hungary"]
[Date "2013.11.17"]
[Round "5.12"]
[White "Suket, Mark"]
[Black "Halaszi, Csaba Peter"]
[Result "1-0"]
[WhiteElo "1776"]
[BlackElo "1594"]
[PlyCount "143"]
[EventDate "2013.09.08"]
[EventType "team-tourn"]
[EventRounds "11"]
[EventCountry "HUN"]
[SourceTitle "EXT 2016"]
[Source "ChessBase"]
[SourceDate "2015.10.08"]
[SourceVersion "1"]
[SourceVersionDate "2015.10.08"]
[SourceQuality "1"]
[WhiteTeam "Keszthely Spartacus"]
[BlackTeam "Ajka Banyasz"]
[WhiteTeamCountry "HUN"]
[BlackTeamCountry "HUN"]

1. e4 e5 2. Nf3 Nc6 3. Bc4 Bc5 4. d3 Nf6 5. Bg5 d6 6. h3 h6 7. Bh4 g5 8. Bg3 Na5 9. Nbd2 Nxc4 10. Nxc4 Be6 11. Ne3 Nh5 12. Bh2 Nf4 13. Bxf4 gxf4 14. Nf5 Bxf5 15. exf5 Qf6 16. Qe2 0-0-0 17. 0-0-0 Qxf5 18. d4 exd4 19. Nxd4 Qe5 20. Qg4+ Kb8 21. Rhe1 Qg5 22. Qf3 Rhe8 23. Ne2 Qh4 24. Rf1 Re6 25. Nxf4 Rf6 26. g3 Qxh3 27. Qc3 Qf5 28. Rd5 Bb4 29. Qxb4 Qd7 30. Qc3 Rf5 31. Re1 Rxd5 32. Nxd5 c6 33. Nf6 Qf5 34. f4 d5 35. Qe5+ Qxe5 36. Rxe5 Rd6 37. Nh5 a6 38. Re8+ Ka7 39. Re7 f6 40. f5 Kb8 41. Re6 Rxe6 42. fxe6 Kc7 43. Nxf6 Kd6 44. Ng4 h5 45. Nf6 Kxe6 46. Nxh5 Kf5 47. Nf4 Kg4 48. Ne2 Kf3 49. Kd2 c5 50. a4 b6 51. b3 a5 52. Nc3 d4 53. Nd5 Kxg3 54. Nxb6 Kf4 55. Nd7 Ke4 56. Nxc5+ Kd5 57. Nb7 Kc6 58. Nxa5+ Kb6 59. Kd3 Kxa5 60. Kxd4 Kb4 61. c3+ Ka5 62. c4 Kb6 63. b4 Kc6 64. a5 Kb7 65. b5 Ka7 66. b6+ Kb7 67. c5 Kc8 68. c6 Kb8 69. Kc5 Ka8 70. Kd6 Kb8 71. Kd7 Ka8 72. c7 1-0

[Event "HUN-chT2 Szechenyi 1213"]
[Site "Hungary"]
[Date "2013.02.17"]
[Round "7.12"]
[White "Ragats, Bertalan"]
[Black "Halaszi, Csaba Peter"]
[Result "1/2-1/2"]
[WhiteElo "1637"]
[BlackElo "1542"]
[PlyCount "64"]
[EventDate "2012.09.16"]
[EventType "team-tourn"]
[EventRounds "11"]
[EventCountry "HUN"]
[SourceTitle "EXT 2014"]
[Source "ChessBase"]
[SourceDate "2013.11.20"]
[SourceVersion "1"]
[SourceVersionDate "2013.11.20"]
[SourceQuality "1"]
[WhiteTeam "Lovo"]
[BlackTeam "Ajka Banyasz"]
[WhiteTeamCountry "HUN"]
[BlackTeamCountry "HUN"]

1. d4 d5 2. c4 e6 3. Nc3 Nf6 4. Nf3 Nbd7 5. Bg5 Be7 6. e3 a6 7. Bd3 dxc4 8. Bxc4 b5 9. Bd3 Bb7 10. 0-0 0-0 11. Rc1 c5 12. b3 Rc8 13. Qe2 h6 14. Bh4 Bxf3 15. Qxf3 cxd4 16. exd4 Nh7 17. Bxe7 Qxe7 18. Bxh7+ Kxh7 19. d5 exd5 20. Nxd5 Qg5 21. Rxc8 Rxc8 22. Qxf7 Ne5 23. Qf4 Qxf4 24. Nxf4 Rc2 25. Ra1 g5 26. Nd5 Nd3 27. f3 a5 28. Kf1 Rf2+ 29. Kg1 Rc2 30. Kf1 Rf2+ 31. Kg1 Rc2 32. Kf1 Rf2+ 1/2-1/2

[Event "HUN-chT2 Szechenyi 1213"]
[Site "Hungary"]
[Date "2012.10.07"]
[Round "2.12"]
[White "Halaszi, Csaba Peter"]
[Black "Hegedus, Botond"]
[Result "1/2-1/2"]
[WhiteElo "1542"]
[BlackElo "1494"]
[PlyCount "28"]
[EventDate "2012.09.16"]
[EventType "team-tourn"]
[EventRounds "11"]
[EventCountry "HUN"]
[SourceTitle "EXT 2014"]
[Source "ChessBase"]
[SourceDate "2013.11.20"]
[SourceVersion "1"]
[SourceVersionDate "2013.11.20"]
[SourceQuality "1"]
[WhiteTeam "Ajka Banyasz"]
[BlackTeam "Keszthely"]
[WhiteTeamCountry "HUN"]
[BlackTeamCountry "HUN"]

1. e4 c6 2. Nc3 d5 3. exd5 cxd5 4. d4 Bf5 5. Bd3 Bxd3 6. Qxd3 Nf6 7. Nf3 e6 8. Bg5 Be7 9. Ne5 Nc6 10. Qb5 Qb6 11. Qxb6 axb6 12. Nf3 0-0 13. 0-0 h6 14. Bh4 Rfc8 1/2-1/2

[Event "HUN-chT2 Szechenyi 1112"]
[Site "Hungary"]
[Date "2012.05.20"]
[Round "11.10"]
[White "Szentmihalyi, Daniel"]
[Black "Halaszi, Csaba Peter"]
[Result "1-0"]
[WhiteElo "1781"]
[BlackElo "1535"]
[PlyCount "97"]
[EventDate "2011.09.25"]
[EventType "team-tourn"]
[EventRounds "11"]
[EventCountry "HUN"]
[SourceTitle "EXT 2013"]
[Source "ChessBase"]
[SourceDate "2012.11.22"]
[SourceVersion "1"]
[SourceVersionDate "2012.11.22"]
[SourceQuality "1"]
[WhiteTeam "Lovo"]
[BlackTeam "Ajka Banyasz"]
[WhiteTeamCountry "HUN"]
[BlackTeamCountry "HUN"]

1. e4 e5 2. Nf3 Nc6 3. Bc4 Bc5 4. c3 Nf6 5. d4 exd4 6. e5 d5 7. exf6 dxc4 8. fxg7 Qe7+ 9. Be3 Rg8 10. Nxd4 Nxd4 11. cxd4 Bb4+ 12. Nc3 Be6 13. 0-0 0-0-0 14. Qa4 Bd5 15. Nxd5 Rxd5 16. a3 Ra5 17. Qc2 Bd6 18. Qxh7 Qd8 19. Rac1 Be7 20. Rxc4 Bf6 21. Bf4 c6 22. Be5 Bxe5 23. Qf5+ Qd7 24. Qxd7+ Kxd7 25. dxe5 Rxe5 26. Rg4 Ke6 27. Rd1 Kf6 28. Rd6+ Ke7 29. Rd1 Kf6 30. f4 Re7 31. Rd6+ Kf5 32. h3 f6 33. Kf2 Rexg7 34. Rxg7 Rxg7 35. g4+ Kxf4 36. Rxf6+ Ke5 37. Rf5+ Ke4 38. Kg3 Rd7 39. h4 Rd3+ 40. Kg2 Rd2+ 41. Rf2 Rd4 42. h5 Rd7 43. g5 b5 44. Kg3 a5 45. Kg4 Ke5 46. Re2+ Kd6 47. Rd2+ Ke6 48. Rxd7 Kxd7 49. h6 1-0